| 000 | 00447nam a22001217a 4500 | ||
|---|---|---|---|
| 999 |
_c9735 _d9735 |
||
| 003 | OSt | ||
| 008 | 201203b ||||| |||| 00| 0 eng d | ||
| 245 | _aJournal of Engineering Education | ||
| 250 | _a2011(Jan Vol.100 No.1, Apr Vol.100 No.2, Jul Vol.100 No.3, Oct Vol.100 No.4) 2012(Jan Vol.101 No.1) | ||
| 260 |
_bAmerican Society for Engineering Education _aWashington, D.C. |
||
| 650 | _aElectronics and Communications Engineering | ||
| 942 |
_2ddc _cBV |
||